Central Library OPAC University of Rajshahi
Normal view MARC view

Entry Uniform Title

Number of records used in: 18

001 - CONTROL NUMBER

  • control field: 543

003 - CONTROL NUMBER IDENTIFIER

  • control field: BD-RjUL

005 - DATE AND TIME OF LATEST TRANSACTION

  • control field: 20220105142016.0

008 - FIXED-LENGTH DATA ELEMENTS

  • fixed length control field: 220105|| aca||aabn | a|a d

040 ## - CATALOGING SOURCE

  • Original cataloging agency: BD-RjUL
  • Transcribing agency: BD-RjUL

130 ## - HEADING--UNIFORM TITLE

  • Uniform title: Union Academique Internationale = الاتحاد الامي للمجامع العلمية

670 ## - SOURCE DATA FOUND

  • Source citation: Work cat.: (BD-RjUL)79124: Wensinck, A.J.= .فنسنك, ا.ى 537, المعجم المفهرس للفاح الحديث النبوي: حن الكتب الستاء ومسند الدرمي والموضع مالك ومسند أحمد بن حنبل = Concordance et indices de la tradition musulmane : les six livres, le Musnad d'Al-Dārimī, le Muwatta' de Mālik, le Musnad de Ahmad Ibn Hanbal /, 1932, 1967 [١٩٦٧] [ ١٩٣٦]